| 000 | 00548nam a2200181Ia 4500 | ||
|---|---|---|---|
| 003 | OSt | ||
| 005 | 20240420101001.0 | ||
| 008 | 210210b1965 xxu||||| |||| 00| 0 eng d | ||
| 040 | _cAL | ||
| 041 | _aKannada | ||
| 082 | _a856/228 | ||
| 100 |
_aBOLEGAUDA BANNURU NAM ಬೋಳೇಗೌಡ ಬನ್ನೂರ್ ನಂ _9161654 |
||
| 245 |
_aGregor mendel _bಗ್ರೆಗೋರ್ ಮೆಂಡೆಲ್ |
||
| 260 |
_aMaisuru _bMaisuru Vishvavidyanilaya _c1965 |
||
| 690 |
_aKannada Miscellaneous _9161655 |
||
| 906 | _a020466 | ||
| 942 |
_2ddc _cBK |
||
| 999 |
_c144614 _d144614 |
||